| 000 | 01451 a2200241 4500 | ||
|---|---|---|---|
| 001 | 86 | ||
| 005 | 20260407155407.0 | ||
| 008 | 260407a2002 arg spa d | ||
| 003 | AR-UNSa-BCEJYS | ||
| 040 |
_aAR-UNSa-BCEJYS _bspa _cAR-UNSa-BCEJYS |
||
| 080 |
_a330.101.541 _xMacroeconomía |
||
| 245 | 1 | 0 |
_aMacroeconomía _pen la economía global |
| 020 | _a978-987-9460-68-9 | ||
| 250 | _a2a. ed. | ||
| 264 | 1 |
_aBuenos Aires : _bPearson Education _c2002 |
|
| 300 |
_axxxi, 756 p. _c26 cm. |
||
| 505 | _a1.Introducción - 2. La medición de la actividad económica - 3. Empleo y producto - 4. Crecimiento de largo plazo - 5. El dinero en la economía - 6. Oferta agregada, demanda agregada, producto y desempleo - 7. El modelo IS-LM - 8. Dinero, tasa de interés y tipo de cambio - 9. Políticas macroeconómicas en una economía abierta - 10. Déficit, inflación y crisis de balanza de pagos - 11. Inflación, desempleo y estabilización - 12. Consumo y ahorro - 13. Inversión - 14. La cuenta corriente y el endeudamiento externo - 15. El gobierno y el ahorro nacional - 16. Mercados laborales y desempleo - 17. Oferta y demanda de dinero - 18. Bienes transables y no transables - 19. La globalización | ||
| 942 | _cBK | ||
| 590 | _aniveau_biblio:m niveau_hierar:0 | ||
| 100 | 1 | _aLarraín B., Felipe | |
| 700 | 1 | _aSachs, Jeffrey D. | |
| 856 | 4 | 1 |
_uhttps://biblioeco.unsa.edu.ar/pmb/images/libros/Macroeconomia2-l87009.jpg _yImagen de portada _qimage/jpeg |
| 999 |
_c63 _d63 |
||